Význam a postavení vybraných kovů ve světové ekonomice a v ekonomické struktuře ČSSR
Na minha lista:
| Autor principal: | |
|---|---|
| Outros Autores: | |
| Formato: | Livro |
| Idioma: | tcheco |
| Publicado em: |
Praha
Státní nakladatelství technické literatury
1985
|
| Colecção: | Technika rudného hornictví a úpravnictví
sv. 29 |
| Tags: |
Sem tags, seja o primeiro a adicionar uma tag!
|
MARC
| LEADER | 00000nam a2200000 4500 | ||
|---|---|---|---|
| 001 | c104806 | ||
| 005 | 20041019155133.1 | ||
| 041 | 0 | |a cze | |
| 044 | |a CZ | ||
| 245 | 1 | 0 | |a Význam a postavení vybraných kovů ve světové ekonomice a v ekonomické struktuře ČSSR |c Vladimír Pokorný, Jaroslav Rosa |
| 264 | 1 | |a Praha |b Státní nakladatelství technické literatury |c 1985 | |
| 300 | |a 100 s. | ||
| 490 | 1 | |a Technika rudného hornictví a úpravnictví |v sv. 29 | |
| 830 | 0 | |a Technika rudného hornictví a úpravnictví |v sv. 29 | |
| 100 | 1 | |a Pokorný, Vladimír | |
| 700 | 1 | |a Rosa, Jaroslav | |